000 00334nam a22001457a 4500
008 240129b ||||| |||| 00| 0 eng d
020 _a0877221324
041 _aeng
080 _21978
_a101
082 _a101SIK
100 _a44
101 _aFILOZOFI
245 _aOBLIGATIONS TO FUTURE GENERATIONS
_cR.I.SIKORA
942 _2udc
_cBK
999 _c60566
_d60566